| 000 | 02393cac a22003251u 4500 | ||
|---|---|---|---|
| 008 | 090311t20072011xxu||||| |||| 00| 0deng d | ||
| 020 | _a9780137034963 | ||
| 020 | _a0137034962 | ||
| 035 | _a(OCoLC)ocm62282609 | ||
| 082 | 0 | 0 |
_a658.8342 _bSOL |
| 100 |
_aSolomon, Michael R. _912282 _eAuthor |
||
| 245 | 1 | 0 |
_aConsumer Behavior : _bBuying, Having, and Being / _cMichael R. Solomon. |
| 250 |
_a9th ed. _bGlobal Edition. |
||
| 260 |
_aUpper Saddle River, N.J. ; _aLondon : _bPearson Prentice Hall, _cc2011. |
||
| 300 |
_a680 p. : _bill. (chiefly col.) ; _c29 cm. |
||
| 504 | _aIncludes bibliographical references and index. | ||
| 541 | _aBacca ; | ||
| 650 | 0 |
_aConsumer behavior. _912283 |
|
| 653 | _bBus | ||
| 942 |
_cBB _2ddc |
||
| 999 |
_c15027 _d15027 |
||